耶穌與神的得勝 Yesu yu shen de de shang = Jesus and the victory of God {ch} / (Record no. 39795)
[ view plain ]
| 000 -LEADER | |
|---|---|
| fixed length control field | 01213cam a2200349 i 4500 |
| 001 - CONTROL NUMBER | |
| control field | .b21217130 |
| 005 - DATE AND TIME OF LATEST TRANSACTION | |
| control field | 20241220154155.0 |
| 008 - FIXED-LENGTH DATA ELEMENTS--GENERAL INFORMATION | |
| fixed length control field | 150123s2014 ch e b 001 0 chi d |
| 020 ## - INTERNATIONAL STANDARD BOOK NUMBER | |
| International Standard Book Number | 9789861984049 |
| Terms of availability | 新臺幣1100元 |
| 040 ## - CATALOGING SOURCE | |
| Original cataloging agency | TWFJU |
| Language of cataloging | chi |
| Description conventions | ccr |
| Transcribing agency | TWFJU |
| 041 1# - LANGUAGE CODE | |
| Language code of text/sound track or separate title | chi |
| Language code of original and/or intermediate translations of text | eng |
| 042 ## - AUTHENTICATION CODE | |
| Authentication code | nbic |
| 100 1# - MAIN ENTRY--PERSONAL NAME | |
| Personal name | 賴特 |
| Titles and other words associated with a name | (Wright, Nicholas Thomas, 1948-) |
| 240 10 - UNIFORM TITLE | |
| Uniform title | <a href="Jesus and the victory of God {ch}.">Jesus and the victory of God {ch}.</a> |
| Language of a work | 中文 |
| 245 10 - TITLE STATEMENT | |
| Title | 耶穌與神的得勝 Yesu yu shen de de shang = Jesus and the victory of God {ch} / |
| Statement of responsibility, etc | 賴特(N. T. Wright)著 ; 邱昭文譯 |
| 250 ## - EDITION STATEMENT | |
| Edition statement | 初版 |
| 260 ## - PUBLICATION, DISTRIBUTION, ETC. (IMPRINT) | |
| Place of publication, distribution, etc | 新北市 : |
| Name of publisher, distributor, etc | 校園書房, |
| Date of publication, distribution, etc | 2014. |
| 300 ## - PHYSICAL DESCRIPTION | |
| Extent | 946面 ; |
| Dimensions | 23公分 |
| 490 ## - SERIES STATEMENT | |
| Series statement | 基督教起源與上帝議題 ; |
| Volume number/sequential designation | 卷二 |
| 500 ## - GENERAL NOTE | |
| General note | 譯自: Jesus and the victory of God. |
| 500 ## - GENERAL NOTE | |
| General note | 含索引 |
| 504 ## - BIBLIOGRAPHY, ETC. NOTE | |
| Bibliography, etc | 參考書目: 面865-905. |
| 600 17 - SUBJECT ADDED ENTRY--PERSONAL NAME | |
| Personal name | 耶穌 |
| Titles and other words associated with a name | (Jesus Christ) |
| Source of heading or term | lcstt. |
| 600 17 - SUBJECT ADDED ENTRY--PERSONAL NAME | |
| Personal name | Jesus Christ |
| General subdivision | Historicity {ch}. |
| 630 ## - SUBJECT ADDED ENTRY--UNIFORM TITLE | |
| Uniform title | Bible |
| Name of part/section of a work | New Testament |
| General subdivision | Theology {ch}. |
| 650 #7 - SUBJECT ADDED ENTRY--TOPICAL TERM | |
| Topical term or geographic name as entry element | 新約 |
| Source of heading or term | lcstt. |
| 650 #7 - SUBJECT ADDED ENTRY--TOPICAL TERM | |
| Topical term or geographic name as entry element | 聖經研究 |
| Source of heading or term | lcstt. |
| 700 1# - ADDED ENTRY--PERSONAL NAME | |
| Personal name | Wright, Nicholas Thomas, |
| Dates associated with a name | 1948- |
| 700 1# - ADDED ENTRY--PERSONAL NAME | |
| Personal name | 邱, 昭文 |
| 830 #0 - SERIES ADDED ENTRY--UNIFORM TITLE | |
| Uniform title | 基督教起源與上帝議題 ; |
| Volume number/sequential designation | 卷二 |
| 942 ## - ADDED ENTRY ELEMENTS (KOHA) | |
| Source of classification or shelving scheme | Library of Congress Classification |
| Item type | Books |
| Koha issues (borrowed), all copies | 9 |
| Withdrawn status | Lost status | Source of classification or shelving scheme | Damaged status | Not for loan | Home library | Current library | Shelving location | Date acquired | Inventory number | Total Checkouts | Full call number | Barcode | Date last seen | Date last borrowed | Price effective from | Koha item type | Source of acquisition | Cost, normal purchase price | Copy number |
|---|---|---|---|---|---|---|---|---|---|---|---|---|---|---|---|---|---|---|---|
| Library of Congress Classification | BSOP Library | BSOP Library | Chinese Books (General Circulation) | 03/16/2016 | C-14670 | 4 | BS2398 W93j 2014 | 00047070 | 11/04/2019 | 10/29/2019 | 03/16/2016 | Books | |||||||
| Library of Congress Classification | BSOP Library | BSOP Library | Chinese Books (General Circulation) | 09/26/2016 | C-14723 | 2 | BS2398 W93j 2014 c.2 | 00047133 | 02/15/2020 | 02/13/2020 | 09/26/2016 | Books | 1300.00 | c.2 | |||||
| Library of Congress Classification | BSOP Library | BSOP Library | Chinese Books (General Circulation) | 09/26/2016 | C-14727 | 3 | BS2398 W93j 2014 c.3 | 00047137 | 01/06/2025 | 12/20/2024 | 09/26/2016 | Books | 1320.00 | c.3 |
